000 00698nam a2200229 i 4500
001 28002
003 ES-MaACL
005 20250723094623.0
007 t|
008 030116s1968 sp ||||1| spa d
100 1 _aBailar, John C.
_924685
245 1 0 _aQuímica básica /
_cpor John C. Bailar, Therald Moeller... Jacob Kleinberg... [traducción... A. Roig...].
250 _a1ª ed.
260 _aMadrid :
_bAlhambra,
_c[1968]
300 _aXI, 644 p. :
_bil. ;
_c25 cm.
650 0 7 _aQuímica
_2embne
_916625
700 1 _aMoeller, Therald.
_981767
700 1 _aKleinberg, Jacob.
_968224
700 1 _aRoig, A.
_998993
852 _aES-MaACL
_jC-25347
_bR.66942
999 _c28002
_d28002